000 00430nam a2200193Ia 4500
008 210210b1953 xxu||||| |||| 00| 0 eng d
041 _aeng
082 _a828/229
100 _aFRANK (Philipp)
245 _aEinstein: his life and time
260 _aLondon
_bJonathan Cape
_c1953
650 _atime
650 _alife
650 _ahis
650 _aEinstein:
650 _aand
690 _aBiography
906 _a016075
999 _c135465
_d135465